| 000 | 00728nas a2200241 4500 | ||
|---|---|---|---|
| 001 | BR5200106 | ||
| 003 | BR-BrBNA | ||
| 005 | 20231205081927.0 | ||
| 007 | ta | ||
| 008 | 230509b bl.|||p| |||| 00| 00por d | ||
| 040 |
_aBR-BrBNA _bpor _cBiblioteca Nacional de Agricultura |
||
| 041 | _a(Pt) | ||
| 072 | _aL72 | ||
| 100 | 1 | _aCorrea, O. | |
| 245 | 1 | _aContribuicao ao estudo das pulgas parasitas de animais no Rio Grande do Sul [Brasil] | |
| 650 | _aPARASITO DE ANIMAL | ||
| 650 | _aPULGA | ||
| 650 | _aBIOLOGIA | ||
| 650 | _aRIO GRANDE DO SUL | ||
| 773 | 0 |
_tBoletim da Diretoria da Producao Animal (Brazil) _x _g(Sep 1952), v. 8(14) p. 14-27 _wBR5200106 |
|
| 909 |
_a202311 _bLúcia _c55 _dLúcia Elande |
||
| 942 |
_2AGRIS _n0 _cANA |
||
| 999 |
_c87882 _d87882 |
||